5HLuxD.jpg

KING HENRY VIII SENIOR AND PRIMARY SCHOOL LIBRARY OPAC

The elements : (Record no. 338)

000 -LEADER
fixed length control field 01217nam a22003498a 4500
001 - CONTROL NUMBER
control field 019385709
003 - CONTROL NUMBER IDENTIFIER
control field UkOxU
005 - DATE AND TIME OF LATEST TRANSACTION
control field 20190806143552.0
008 - FIXED-LENGTH DATA ELEMENTS--GENERAL INFORMATION
fixed length control field 120210r20122009nyuac 001|0 eng|d
015 ## - NATIONAL BIBLIOGRAPHY NUMBER
National bibliography number GBB215526
Source bnb
020 ## - INTERNATIONAL STANDARD BOOK NUMBER
International Standard Book Number 9781579128951 (pbk.) :
020 ## - INTERNATIONAL STANDARD BOOK NUMBER
International Standard Book Number 1579128955 (pbk.) :
035 ## - SYSTEM CONTROL NUMBER
System control number (Uk)016031144
035 ## - SYSTEM CONTROL NUMBER
System control number (StEdALDL)1/2761672
040 ## - CATALOGING SOURCE
Original cataloging agency StDuBDS
Language of cataloging eng
Transcribing agency StDuBDS
049 ## - LOCAL HOLDINGS (OCLC)
Holding library CROBAR
082 04 - DEWEY DECIMAL CLASSIFICATION NUMBER
Classification number 546 GRA
Edition number 23
100 1# - MAIN ENTRY--PERSONAL NAME
Personal name Gray, Theodore W.
Relator term Photographer
245 14 - TITLE STATEMENT
Title The elements :
Remainder of title a visual exploration of every known atom in the universe /
Statement of responsibility, etc. Theodore Gray ; photographs by Theodore Gray and Nick Mann.
260 ## - PUBLICATION, DISTRIBUTION, ETC.
Place of publication, distribution, etc. New York :
Name of publisher, distributor, etc. Black Dog & Leventhal ;
Place of publication, distribution, etc. Poole :
Name of publisher, distributor, etc. Chris Lloyd [distributor],
Date of publication, distribution, etc. 2012.
263 ## - PROJECTED PUBLICATION DATE
Projected publication date 201205
300 ## - PHYSICAL DESCRIPTION
Extent 1 v. :
Other physical details ill. (chiefly col.), ports. (some col.) ;
Dimensions 26 cm.
500 ## - GENERAL NOTE
General note Originally published: 2009.
504 ## - BIBLIOGRAPHY, ETC. NOTE
Bibliography, etc. note Includes bibliographical references and index.
650 #0 - SUBJECT ADDED ENTRY--TOPICAL TERM
Topical term or geographic name entry element Chemical elements
Form subdivision Popular works.
650 #0 - SUBJECT ADDED ENTRY--TOPICAL TERM
Topical term or geographic name entry element Chemical elements
Form subdivision Pictorial works.
700 1# - ADDED ENTRY--PERSONAL NAME
Personal name Mann, Nick.
Relator term Photographer
942 ## - ADDED ENTRY ELEMENTS (KOHA)
Source of classification or shelving scheme
Koha item type Books - Non Ficton
980 ## - EQUIVALENCE OR CROSS-REFERENCE-SERIES STATEMENT--PERSONAL NAME/TITLE [LOCAL, CANADA]
Miscellaneous information 1
Date of a work 1/2761672
981 ## - EQUIVALENCE OR CROSS-REFERENCE-SERIES STATEMENT--CORPORATE NAME/TITLE [LOCAL, CANADA]
Date of meeting or treaty signing Agency file oxf2012-38.1
Holdings
Withdrawn status Lost status Source of classification or shelving scheme Damaged status Not for loan Collection code Permanent Location Current Location Shelving location Date acquired Full call number Barcode Date last seen Price effective from Koha item type
          Non-Fiction KH8 Senior School Library KH8 Senior School Library Non Fiction 2019-08-06 546 GRA 3KHSL000101030 2019-08-06 2019-08-06 Books - Non Ficton

Powered By KH8 IT Dept